000 01231nam a2200241Ia 4500
003 Ost
005 20260507075058.0
008 260507s9999||||xx |||||||||||||| ||und||
040 _cfsecg
041 _aara
082 _a330
100 _aزويل، محمود أمين
_eمؤلف
245 0 _aالفكر الإداري والإدارة في التطبيق العلمي /
_c محمود أمين زويل
260 _aالاسكندرية:
_bدار المعارف الحديثة,
_c[دون تاريخ]
300 _a145 صفحة؛
_bإيضاحات ؛
_c24 سم
504 _aبيبليوغرافيا ص.144
520 _aتقديم تطور الفكر الإداري،وظائف الإدارة،التتخطيط،أنواع الخطط،التنظيم،تشكيل الهيئة الإدارية،التوجيه،الرقابة،معالجة بعض المواقف الإدارية في التطبيق،معالجة المشكلات الإدارية
653 _aالإدارة
653 _aالتخطيط
653 _aالتنظيم
653 _aالرقابة الإدارية
942 _cكتاب
999 _c42755
_d42755